Top 30 best Dutch football players of all time - Statistics

General Stats
  • This quiz has been taken 589 times
  • The average score is 18 of 30
Answer Stats
Hint Answer % Correct
3 Ballon d'Or, Ajax, Barcelona Johan Cruyff
96%
3 Ballon d'Or, AC Milan, Euro 1988 Marco van Basten
95%
Forward, Bayern Munich, Champions League 2013 Arjen Robben
94%
Striker, Arsenal, Manchester United, Premier League 2013 Robin van Persie
94%
Defender, Liverpool, Champions League 2019 Virgil van Dijk
94%
Goalkeeper, Manchester United, Ajax, 2 Champions League Edwin van der Sar
92%
Ballon d'Or 1987, AC Milan, Euro 1988 Ruud Gullit
92%
Striker, Manchester United, Real Madrid, Premier League 2003 Ruud van Nistelrooy
90%
Midfielder, Inter Milan, Real Madrid, Champions League 2010 Wesley Sneijder
90%
Defender, Ajax, Barcelona, Champions League 1995 Frank de Boer
89%
Midfielder, Real Madrid, AC Milan, 4 Champions League Clarence Seedorf
85%
Forward, Ajax, Arsenal, 2 UEFA Cup Dennis Bergkamp
83%
Defender, Barcelona, PSV, Euro 1988 Ronald Koeman
83%
Defensive midfielder, AC Milan, Ajax, Euro 1988 Frank Rijkaard
78%
Defender, Manchester United, AC Milan, Champions League 1999 Jaap Stam
73%
Forward, Barcelona, Ajax, Champions League 1995 Patrick Kluivert
73%
Midfielder, Juventus, Ajax, Champions League 1995 Edgar Davids
71%
Midfielder, Ajax, Arsenal, Champions League 1995 Marc Overmars
56%
Midfielder, Ajax, Barcelona, 3 Champions League Johan Neeskens
49%
Defender, Ajax, Champions League 1995 Danny Blind
35%
Defender, Ajax, Napoli, 3 Champions League Ruud Krol
33%
Goalkeeper, PSV, Euro 1988 Hans van Breukelen
28%
Brothers, midfielders of 1970s/1980s, PSV Willy van de Kerkhof/René van de Kerkhof
25%
Striker of 1970s, Anderlecht Rob Rensenbrink
24%
Midfielder, Feyenoord, Champions League 1970 Willem van Hanegem
24%
Midfielder, Ajax, Anderlecht, 3 Champions League Arie Haan
22%
Midfielder of 1940s/1950s, Inter Milan, Valencia Faas Wilkes
16%
Defender of 1960s/1970s, Ajax Wim Suurbier
15%
Striker, Ajax, 3 Champions League Piet Keizer
13%
Midfielder, Feyenoord, Champions League 1970 Wim Jansen
12%
No matching quizzes found
Score Distribution
Percent of People with Each Score
Percentile by Number Answered
Your Score History
You have not taken this quiz